Ελληνικός οικονομικός οδηγός = Greek financial directory : ICAP 2008

Saved in:
Bibliographic Details
Corporate Author: ICAP Ελλάς Α.Ε
Format: Book
Language:Greek
Published: Αθήνα : ICAP A.E., 2008
Edition:43η έκδ.
Subjects:
Tags: Add Tag
No Tags, Be the first to tag this record!

MARC

LEADER 00000cam a2200000 i 4500
001 1/101186
008 090212s2008####gr | | |||| ||gre||
022 |a 11083581 
035 |l 10103158 
040 |a GR-MY-UA  |b gre  |e aacr 
041 0 |a gre 
082 0 |a 338.74025495   |2 (22)  
110 2 |a ICAP Ελλάς Α.Ε. 
245 1 0 |a Ελληνικός οικονομικός οδηγός =   |b Greek financial directory : ICAP 2008 /   |c ICAP Ελλάς Α.Ε.  
246 1 |i Παράλληλος τίτλος:   |a Greek financial directory :   |b ICAP 2008  
250 |a 43η έκδ. 
260 |a Αθήνα :   |b ICAP A.E.,   |c 2008 
300 |a 5 τ. :   |b έγχρ. εικ. ;   |c 28 εκ. +   |e 1 οπτική δισκέτα λέιζερ Η/Υ (4 3/4 ίν.).  
505 0 |a Τ.1: Βιομηχανία.-- τ.2: Εμπόριο.-- τ.3: Υπηρεσίες.-- τ.4: Ευρετήρια.-- τ.5: Η Ελλάδα σε αριθμούς.  
650 0 0 |a Corporations  |z Greece  |x Directories. 
651 0 |a Greece  |x Commerce  |x Directories. 
740 0 2 |a Βιομηχανία 
740 0 2 |a Εμπόριο 
740 0 2 |a Υπηρεσίες 
740 0 2 |a Ευρετήρια 
740 0 2 |a Η Ελλάδα σε αριθμούς 
852 |a INST  |b CHIOS  |e 20090217  |h 338.74025495 ICA  |p 005200031039  |q 005200031039  |t REF  |y 23  |z τ.3 
852 |a INST  |b CHIOS  |e 20090216  |h 338.74025495 ICA  |p 005200031040  |q 005200031040  |t REF  |y 23  |z τ.2 
852 |a INST  |b CHIOS  |e 20090217  |h 338.74025495 ICA  |p 005200031041  |q 005200031041  |t REF  |y 23  |z τ.4 
852 |a INST  |b CHIOS  |e 20090212  |h 338.74025495 ICA  |p 005200031042  |q 005200031042  |t REF  |y 23  |z τ.1 
852 |a INST  |b CHIOS  |e 20090217  |h 338.74025495 ICA  |p 005200031043  |q 005200031043  |t REF  |y 23  |z τ.5 
852 |a INST  |b CHIOS  |e 20090217  |h 338.74025495 ICA  |p 005200031039  |q 005200031039  |t REF  |v τ.3:  |y 23  |z τ.3 
852 |a INST  |b CHIOS  |e 20090216  |h 338.74025495 ICA  |p 005200031040  |q 005200031040  |t REF  |v τ.2:  |y 23  |z τ.2 
852 |a INST  |b CHIOS  |e 20090217  |h 338.74025495 ICA  |p 005200031041  |q 005200031041  |t REF  |v τ.4:  |y 23  |z τ.4 
852 |a INST  |b CHIOS  |e 20090212  |h 338.74025495 ICA  |p 005200031042  |q 005200031042  |t REF  |v τ.1:  |y 23  |z τ.1 
852 |a INST  |b CHIOS  |e 20090217  |h 338.74025495 ICA  |p 005200031043  |q 005200031043  |t REF  |v τ.5:  |y 23  |z τ.5 
852 |a INST  |b CHIOS  |e 20090217  |h 338.74025495 ICA   |p 005200030672  |q 005200030672  |t REF  |v cdrom. :  |y 23  |z ??? 
853 |a INST  |b CHIOS  |h 338.74025495 ICA 
853 |a INST  |b CHIOS  |h 338.74025495 ICA cdrom 
901 |a BIBL2-2009-1 
909 |a Χ  |b 146671 
909 |a Χ  |b 146670 
909 |a Χ  |b 146672 
909 |a Χ  |b 146669 
909 |a Χ  |b 146668 
909 |a Χ  |b 146881 
922 |a 2ΕΛΗ  |b 2009-01  |c Κεντρική Υπηρεσία Βιβλιοθήκης  |d ICAP 
970 |a Βασιλάκη  |b Νίκη  |z 2009/02/12